000 01170cam a2200337 i 4500
001 768714001
003 CO-MdFUSB
005 20250529112856.0
007 ta
008 250529t2009 -sp||||| |||| 00| 0 spa d
020 _a978-84-9879-158-3
040 _cCO-MdFUSB
041 _aspa
082 0 4 _223
_a248.5
_bK9646q
100 1 _aKüng, Hans (1928-)
_eautor
240 _aSas ich glaube
245 1 0 _aLo que yo creo
_c/ Hans Küng ; traducido por José Manuel Lozano-Gotor
250 _a3
264 1 _bTrotta,
_aMadrid :
_c[2006]
264 4 _c©2006
300 _a254 páginas
336 _atexto
_btxt
_2rdacontent
337 _2rdamedia
_asin mediación
_bn
338 _2rdacarrier
_avolumen
_bnc
505 _aConfianza en la vida -- Alegría de vivir -- Camino vital -- El sentido de la vida -- El fundamento de la vida -- El poder de la vida -- Modelo de vida -- Sufrimiento vital -- El arte de vivir -- La visión de la vida -- para seguir leyendo: libros de Hans Küng
563 _aRústico
650 0 _aVida cristiana
_919
700 _aJosé Manuel Lozano-Gotor,
_911611
_etraductor
942 _cBK
945 _aMiguel Gómez
999 _c44943
_d44943